000 00349 a2200157 4500
001 17507
020 _a9788578883553
040 _cAnchieta - Bela Vista
100 _aMirim, Werá Jeguaká
240 1 0 _aKunumi Guarani
_lpor
245 1 0 _aKunumi Guarani
300 _a24
362 0 _a2014
650 4 _aLiteratura infanto-juvenil
942 _cBK
999 _c17507
_d17507